Statistiques concernant Les 10 joueurs les plus sélectionnés de l'équipe du Portugal

Cliquez ici pour prendre le quiz!

Statistiques générales

  • Ce quiz a été pris 75 fois
  • Le résultat moyen est 6 sur 10

Statistiques - réponses

Rang Joueur Sélections % Correct
1Cristiano Ronaldo154
100%
2Luís Figo127
87%
6Pepe100
83%
10Pauleta88
65%
9Ricardo Carvalho89
54%
4Nani112
49%
3João Moutinho113
45%
8Rui Costa94
39%
7Bruno Alves96
23%
5Fernando Couto110
18%

Distribution des résultats

Percentile by Number Answered

% des personnes avec chaque résultat

Votre développement - résultats

Vous n’avez pas pris ce quiz